00381nam a2200169Ia 4500003000400000005001700004008004100021040000700062041000800069082002100077100001400098245003800112260001600150365001200166650001400178650001900192OSt20230608115604.0210423s2004 xx 000 0 und d cAL aeng a338.954 HINS223 aTHE HINDU aSurvey of indian agriculture 2004 bHinduc2004 b50cINR aEconomics aIndian Economy